| 000 | 01145nam a2200313 i 4500 | ||
|---|---|---|---|
| 001 | 181022 | ||
| 003 | ES-MaACL | ||
| 005 | 20250819035604.0 | ||
| 008 | 121002s2010 sp a |||| |dspa d | ||
| 020 | _a978-84-937389-4-5 | ||
| 040 | _cES-MaACL | ||
| 080 | _a929 Fernando (460) VI | ||
| 080 | _a61(460)"17" | ||
| 100 | 1 |
_aBasante Pol, Rosa. _926249 _eaut |
|
| 245 | 1 | 3 |
_aLa demencia de un rey : _bFernando VI (1746-1759) / _cpor Rosa Basante Pol. |
| 260 |
_aMadrid : _bReal Academia Nacional de Farmacia, _c2010. |
||
| 300 |
_a135 p. : _bil. col. ; _c24 cm. |
||
| 490 | 1 |
_aLecturas singulares ; _v9 |
|
| 504 | _aBibliografía: p. 127-135. | ||
| 600 | 0 | 4 |
_aFernando _bVI, _cRey de España _950205 |
| 650 | 4 |
_aMedicina- _zEspaña- _yS.XVIII _914905 |
|
| 710 | 2 |
_aReal Academia Nacional de Farmacia (España) _9148565 |
|
| 830 | 0 |
_aLecturas singulares ; _v9 _9191102 |
|
| 852 |
_aES-MaACL _jA-12239 _9187904 _bR.147098 _cDEPO1 _dOlim: N-5244 _xDonación: Real Academia Española |
||
| 942 |
_cMONOGRAFIA _n0 |
||
| 999 |
_c181022 _d181022 |
||